Score 0/15 Timer 05:00
0 Plays Today
First Movie Answer % Correct
The 'sequel' to Get Shorty?Be Cool Runnings
68.7%
Brad Pitt is Edward NortonFight Club Dread
63.8%
Casey Affleck investigates the kidnapping of a little girl in BostonGone Baby Gone in Sixty Seconds
58%
Taking place in what's now called Thailand, a woman looks after Yul Brynner's childrenThe King And I Am Legend
55.1%
A tobacco lobbyist learns a hard lesson in disclosureThank You For Smoking Aces
54.7%
The Bluntman & Chronic movie is being made, but Kevin Smith and Jason Mewes won't see any money from it: This means sabotage.Jay and Silent Bob Strike Back to the Future
51%
A broadcast journalist tries to end McCarthyismGood Night and Good Luck Chuck
44.9%
Two white parents are shocked when their daughter introduces them to her fiancé: a black manGuess Who's Coming to Dinner for Schmucks
41.6%
First Movie Answer % Correct
Ryan Gosling begins a relationship with a dollLars and the Real Girl Interrupted
37.4%
Cartoon dog returned from the dead seeks revenge through the help of an orphanAll Dogs Go to Heaven Can Wait
28.4%
Nine people in Baltimore deal with their respective romantic problems, usually thwarted by the differing ideals and desires of their chosen partnerHe's Just Not That Into You, Me and Dupree
21.8%
A magazine editor has only the use of his left eye after suffering a terrible strokeThe Diving Bell and the Butterfly Effect
20.2%
Tom Cruise, Nicole Kidman, and secret society orgiesEyes Wide Shut Up and Sing
14.4%
Zach Braff cheats on his pregnant wife and spends the rest of the movie trying to win her backThe Last Kiss Kiss Bang Bang
12.8%
A group of young British kids partying on a yacht have the worst vacation everDonkey Punch Drunk Love
9.1%
Remove Ads.
Support Sporcle.
Get the best of Sporcle when you Go Orange. This ad-free experience offers more features, more stats, and more fun while also helping to support Sporcle. Thank you for becoming a member.

You're not logged in!

Compare scores with friends on all Sporcle quizzes.
OR
Log In

Show Comments

Extras

Top Quizzes Today


Score Distribution

Your Account Isn't Verified!

In order to create a playlist on Sporcle, you need to verify the email address you used during registration. Go to your Sporcle Settings to finish the process.

Report this User

Report this user for behavior that violates our Community Guidelines.

Details: